ბათუმის შოთა რუსთაველის სახელმწიფო უნივერსიტეტის ბიბლიოთეკა

წვიმიანი მზიანეთი (ბიბ.ჩანაწერი № 43491)

000 -LEADER
fixed length control field 00750nam a2200217Ia 4500
001 - CONTROL NUMBER
control field 10222
003 - CONTROL NUMBER IDENTIFIER
control field GE_BSU
008 - FIXED-LENGTH DATA ELEMENTS--GENERAL INFORMATION
fixed length control field 181216s||||||||xx |||||||||||||| ||und||
040 ## - CATALOGING SOURCE
Transcribing agency GE_BSU
080 ## - UNIVERSAL DECIMAL CLASSIFICATION NUMBER
Universal Decimal Classification number 821.353.1–32
100 ## - MAIN ENTRY--PERSONAL NAME
Personal name სამსონია,ალექსანდრე
245 ## - TITLE STATEMENT
Title წვიმიანი მზიანეთი
245 ## - TITLE STATEMENT
Remainder of title მოთხრობები
245 ## - TITLE STATEMENT
Statement of responsibility, etc. რედ:ემენ დავითაძე;მხატვ:ჯემალ ლოლუა.
260 ## - PUBLICATION, DISTRIBUTION, ETC.
Place of publication, distribution, etc. ბათუმი
260 ## - PUBLICATION, DISTRIBUTION, ETC.
Name of publisher, distributor, etc. საბჭ.აჭარა
260 ## - PUBLICATION, DISTRIBUTION, ETC.
Date of publication, distribution, etc. 1976
300 ## - PHYSICAL DESCRIPTION
Extent 240გვ;21სმ.
653 ## - INDEX TERM--UNCONTROLLED
Uncontrolled term წვიმიანი მზიანეთი:მოთხრობები
942 ## - ADDED ENTRY ELEMENTS (KOHA)
Koha item type წიგნი
ეგზემპლარები
Withdrawn status Lost status Damaged status Not for loan Date acquired Barcode Date last seen Price effective from Koha item type
        2018-12-17 33625 2018-12-17 2018-12-17 წიგნი
        2018-12-17 33626 2018-12-17 2018-12-17 წიგნი
        2018-12-17 33627 2018-12-17 2018-12-17 წიგნი